000 00995nam a2200289 i 4500
003 DO-SdBNP
005 20260420130643.0
007 ta
008 250402t2024 dr 000 pdspa d
020 _z9789945510652
040 _aDO-SdBNP
_bspa
_cBNPHU
_erda
082 4 _aRD862.44
_bV182m
_222
100 1 _aVallejo, Osiris,
_d1971-
_eautor
_4aut.
_926801
245 1 0 _aMala gente /
_cOsiris Vallejo
264 _aSanto Domingo :
_bEditora Nacional,
_bMinisterio de Cultura,
_c2024.
300 _a90 páginas
_c21 cm.
336 _atexto
_btxt
_2rdacontent
337 _asin mediación
_bn
_2rdamedia
338 _avolumen
_bnc
_2rdacarrier
500 _aIncluye datos biográficos del autor en la solapa de la cubierta
586 _aPremio anual de teatro Cristóbal de Llerena, 2023.
590 _aInventariado, 2025/ YL
650 7 _aTeatro dominicano
_2LIBRUNAM
650 7 _aLiteratura dominicana
_2LIBRUNAM
910 _aYLockward/Validado. Control de calidad MFF
942 _2ddc
_cLBS1
999 _c58577
_d58577